Starr tracks : (Record no. 1153)

MARC details
000 -LEADER
fixed length control field 00859pam a2200301 a 4500
005 - DATE AND TIME OF LATEST TRANSACTION
control field 20260322212049.0
008 - FIXED-LENGTH DATA ELEMENTS--GENERAL INFORMATION
fixed length control field data
010 ## - LIBRARY OF CONGRESS CONTROL NUMBER
LC control number 88030309
020 ## - INTERNATIONAL STANDARD BOOK NUMBER
International Standard Book Number 0882897233
020 ## - INTERNATIONAL STANDARD BOOK NUMBER
International Standard Book Number 9780882897233
040 ## - CATALOGING SOURCE
Original cataloging agency DLC
Transcribing agency DLC
Modifying agency DLC
043 ## - GEOGRAPHIC AREA CODE
Geographic area code n-usp--
050 00 - LIBRARY OF CONGRESS CALL NUMBER
Classification number F594.S8
Item number S73 1989
082 00 - DEWEY DECIMAL CLASSIFICATION NUMBER
Classification number B
-- B
Edition information 19
001 - CONTROL NUMBER
control field data
100 1# - MAIN ENTRY--PERSONAL NAME
Personal name Steele, Phillip W.
245 10 - TITLE STATEMENT
Title Starr tracks :
Remainder of title Belle and Pearl Starr /
Statement of responsibility, etc. Phillip W. Steele.
260 ## - PUBLICATION, DISTRIBUTION, ETC.
Place of publication, distribution, etc. Gretna, La. :
Name of publisher, distributor, etc. Pelican Pub. Co.,
Date of publication, distribution, etc. 1989.
300 ## - PHYSICAL DESCRIPTION
Extent 112 p. :
Other physical details ill. ;
Dimensions 21 cm.
500 ## - GENERAL NOTE
General note Includes index.
504 ## - BIBLIOGRAPHY, ETC. NOTE
Bibliography, etc. note Bibliography: p. 101-103.
600 10 - SUBJECT ADDED ENTRY--PERSONAL NAME
Personal name Starr, Belle,
Dates associated with a name 1848-1889.
600 10 - SUBJECT ADDED ENTRY--PERSONAL NAME
Personal name Reed, Rose Pearl,
Dates associated with a name 1868-1925.
600 30 - SUBJECT ADDED ENTRY--PERSONAL NAME
Personal name Starr family.
650 #0 - SUBJECT ADDED ENTRY--TOPICAL TERM
Topical term or geographic name entry element Frontier and pioneer life
Geographic subdivision West (U.S.)
650 #0 - SUBJECT ADDED ENTRY--TOPICAL TERM
Topical term or geographic name entry element Outlaws
Geographic subdivision West (U.S.)
General subdivision Biography.
651 #0 - SUBJECT ADDED ENTRY--GEOGRAPHIC NAME
Geographic name West (U.S.)
General subdivision Biography.
Holdings
Withdrawn status Lost status Damaged status Not for loan Home library Current library Shelving location Date acquired Total checkouts Full call number Barcode Date last seen Price effective from Koha item type
        Centerville Centerville General stacks 22/03/2026   364.1/55/0924 B 19 BC0011191 22/03/2026 22/03/2026 Books